00333nam a22001217a 450000500170000000800410001704100090005810000190006724500870008625000120017326000170018530000090020220250312125727.0250312b |||||||| |||| 00| 0 eng d aEng. aBangali, J. A  aPrinciples of Digital Electronics Sem - II F. Y. B. Sc. ( Computer Science ) a1st ed. aPunebNirali a6.35